Category Elimination - Country Rankings - Statistics

General Stats
  • This quiz has been taken 2,316 times
  • The average score is 12 of 20
Answer Stats
Group # Category % Correct
Green 50 Countries in the top 50 of total land area.
100%
Green 20 ... and in the bottom 75 in life expectancy.
89%
Yellow 75 Countries in the top 75 in population.
89%
Yellow 23 ... and has a GDP per capita in the top 75.
88%
Yellow 13 ... and in the top 75 in life expectancy.
88%
Yellow 6 ... and in the top 15 for HDI*
85%
Green 10 ... and in the bottom 50 for population density
79%
Blue 51 Countries in the bottom 50 HDI*
76%
Blue 24 ... and in the bottom 25 for GDP per capita.
73%
Blue 14 ... and with an infant mortality rate in the top 25.
67%
Pink 50 Countries with the 50 highest % of population in largest city.
63%
Green 3 ... and in the top 25 for sq. km of forest area.
62%
Blue 5 ... and with a life expectancy in the bottom 10.
49%
Pink 19 ... and in the top 75 for percentage of forest area.
41%
Yellow 1 ... and in the bottom 5 for population density. Australia
41%
Pink 11 ... and in the top 100 HDI.
32%
Blue 1 ... and in the bottom 2 HDI. Central African Republic
26%
Pink 3 ... and with one of the 25 best literacy rates.
11%
Pink 1 ... and with a life expectancy in the top 50 Estonia
11%
Green 1 ... and is NOT in the top 25 of total land area. Zambia
11%
No matching quizzes found
Score Distribution
Percent of People with Each Score
Percentile by Number Answered
Your Score History
You have not taken this quiz